Bangladesh Reform Agenda for Local Governance
| Main Author: | |
|---|---|
| Format: | Unknown |
| Published: |
Prothoma Prokashan
2016
|
| LEADER | 00217 a2200085 4500 | ||
|---|---|---|---|
| 020 | |a 9789849176237 | ||
| 100 | |a Tofail Ahmed | ||
| 245 | |a Bangladesh Reform Agenda for Local Governance | ||
| 260 | |b Prothoma Prokashan |c 2016 | ||
| 999 | |c 42321 |d 42321 | ||